Score 0/26 Timer 02:00
0 Plays Today
Book Title Missing Word % Correct
Treasure __________Island
97.5%
__________ and Sensibility Sense
93.6%
The Girl with the __________ TattooDragon
83.2%
The __________ of Sleepy HollowLegend
79.5%
The __________ Life of BeesSecret
77.5%
Memoirs Of A __________ Geisha
76.2%
The Wind in the __________ Willows
67.5%
The Maltese __________ Falcon
64.6%
Sophie's __________ Choice
62.5%
Artemis __________ Fowl
56.9%
__________ of CancerTropic
48.7%
Atlas __________ Shrugged
46.2%
Brideshead __________Revisited
46.1%
Book Title Missing Word % Correct
Battlefield __________ Earth
41.2%
The __________ SymbolLost
37.8%
The __________ SleepBig
35.6%
__________ HouseBleak
26.7%
The Heart is a Lonely __________ Hunter
22.7%
In __________ of Lost TimeSearch
17.7%
The __________ Of The EarthPillars
16.3%
The __________ of MirthHouse
12.7%
The __________ and the BlackRed
11.7%
Cold __________ FarmComfort
11%
Infinite __________ Jest
11%
The Adventures of Augie __________ March
6.6%
The __________ of Lot 49Crying
6.5%

Today's Daily Dose

Missing Word
I Hardly Know Her!

Word Ladder
Sentence Ending

Quick Pick
Female Firsts

Get the Picture
Triathlon Sports

Remove Ads.
Support Sporcle.
Get the best of Sporcle when you Go Orange. This ad-free experience offers more features, more stats, and more fun while also helping to support Sporcle. Thank you for becoming a member.

You're not logged in!

Compare scores with friends on all Sporcle quizzes.
OR
Log In

Show Comments

Extras

Top Quizzes Today


Score Distribution

Your Account Isn't Verified!

In order to create a playlist on Sporcle, you need to verify the email address you used during registration. Go to your Sporcle Settings to finish the process.

Report this User

Report this user for behavior that violates our Community Guidelines.

Details: